00629nam a2200169Ia 4500008004100000020001500041041001200056100001700068245008900085260003400174300000800208650001100216700001400227942000700241999001700248952019400265221030s9999 xx 000 0 und d a8186340610 aEnglish aP. R. Chadha 0aQuestion Bank in Electronics & Communication Engineeringcby P. R. Chadha, S. Chadha bGalgotia PubaNew Delhic2009 a974 aBB ECE aS. Chadha cBK c17925d17925 pBB 865g400.00l0eDonated by Ms. Divya Jain ( ECE )r2025-05-17 00:00:00w2022-10-30yBK003Print4070aMIETLIBbMIETLIBcBL-Academic Block B, FL-2, CUP-103, SH-1, R-1d2018-10-2610HBB